00723nam a2200241 a 4500001001300000003000900013005001700022008004100039020000900080082001600089100002700105245003200132260003800164300000900202500003500211505003100246650003000277700002700307902000800334942000700342952011500349999001700464nice12345678IN_TiNIC20260116013734.0050524s1997 dela grp 000 0 eng  ac6000a297.63bQUR aQuraishi, Sultan Ahmad aLetterd of the Holy Prophet aDelhibIslamic Book Servicec1997 a163p aincludes index and biblioraphy2 aNotes, Bibliography, Index aMuhammad, Prophet-Letters1 aQuraishi, Sultan Ahmad bSRS cBK 001040708StackRoom-aHMIbHMId2007-07-12g60.00l0o297.63 QURp018500r2007-07-12v60.00w2005-05-24yBK c12236d12236